| 000 | 00858nam a22002297a 4500 | ||
|---|---|---|---|
| 003 | DO-SdBNP | ||
| 005 | 20251114101954.0 | ||
| 008 | 100304s2008 dr r 001 0 spa d | ||
| 040 |
_aDO-SdBNP _bspa _cBNPHU |
||
| 082 |
_axxx _bxxxx |
||
| 110 | 1 |
_aRepública Dominicana. _bSecretaría de Estado de Economía Planificación y Desarrollo _91941 |
|
| 245 | 1 | 0 |
_aPlan estratégico 2008-2012. _bSeguro Nacional de Salud (Senasa) _cpresentación Altagracia Guzmán Marcelino |
| 260 |
_aSanto Domingo : _bEdiciones Senasa, _c2008. |
||
| 300 |
_a43 p. : _c25 cm. |
||
| 590 | _aInventariado, 2022/ YL | ||
| 650 | 4 |
_aPlanificación económica _96641 |
|
| 650 | 4 |
_aPlanificación estratégica _92433 |
|
| 651 | 4 |
_aRepública Dominicana _xPolítica económica _9643 |
|
| 700 | 1 | 2 |
_aGuzmán Marcelino, Altagracia _epres. _937654 |
| 910 | _aYLockward | ||
| 942 |
_2ddc _cLF2 |
||
| 999 |
_c51895 _d51895 |
||